| 000 | 00614nam a2200229Ia 4500 | ||
|---|---|---|---|
| 003 | OSt | ||
| 005 | 20220918205606.0 | ||
| 006 | a|||||r|||| 00| 0 | ||
| 007 | ta | ||
| 008 | 220917b |||||||| |||| 00| 0 eng d | ||
| 024 | _a117,183 | ||
| 037 | _cTextual | ||
| 040 |
_aARTS _cARTS _beng |
||
| 041 |
_2eng _aeng |
||
| 082 | _aV7:19:N3, H7-;1 | ||
| 100 | _aBeard Charles A | ||
| 245 | 0 |
_aAmerican foreign policy in the making, 1932-1940 _b a study in responsibility |
|
| 260 | _c1947 | ||
| 650 | _aHISTORY | ||
| 942 |
_hV7:19:N3, H7-;1 _cTEXL _2CC |
||
| 999 |
_c240471 _d240471 |
||